| 000 | 00445nam a2200193Ia 4500 | ||
|---|---|---|---|
| 008 | 101110s9999 xx 000 0 und d | ||
| 041 | _aENGLISH | ||
| 082 | _bSR6967 | ||
| 100 | _aAvasthi Maheshwari | ||
| 245 | _aPublic Administration | ||
| 365 | _b16 | ||
| 520 | _aPolitics | ||
| 546 | _aENGLISH | ||
| 630 | _aPublic Administration | ||
| 650 | _aPolitics | ||
| 655 | _aPolitics | ||
| 730 | _aPublic Administration | ||
| 942 | _cBOOK | ||
| 999 |
_c802716 _d802713 |
||